000 01987cam a22002054a 4500
005 20250605163351.0
008 250528s ||||||||||||||||||||||||d
035 _a17707
020 _a9789605860776
040 _aGR-AtMCL
_bgre
_dGR-AtMCL
_eAACR2
245 1 _aΠως Γίνεται μια Επιστημονική Εργασία; / Επιστημονική Έρευνα και Συγγραφή Εργασιών
250 _a
260 _bΚριτική,
_c2015
300 _a408
520 _aΤο βιβλίο παρουσιάζει τις κυριότερες μεθόδους εκπόνησης και συγγραφής μίας επιστημονικής εργασίας. Πρόλογος, Γνωριμία με την Επιστημονική Εργασία, Γενικά για την Επιστημονική Εργασία, Ο Σχεδιασμός και η Υλοποίηση της Έρευνας, Η Βιβλιογραφική Έρευνα,Διαδανεισμός, Δευτερογενή Δεδομένα, Κάνοντας Ποσοτική Έρευνα με Δομημένο Ερωτηματολόγιο, Κατασκευή Ερωτηματολογίου, Αξιοπιστία και Εγκυρότητα, Δειγματοληψία, Μέθοδοι Στατιστικής Ανάλυσης με Εφαρμογές στο SPSS, Μέθοδοι Ποιοτικής Έρευνας, Η Συγγραφή της Εργασίας, Τα Εισαγωγικά Στοιχεία στη Συγγραφή της Εργασίας, Η Βιβλιογραγική Επισκόπηση, Διατύπωση Υποθέσεων και Μεθοδολογία της Έρευνας, Παρουσίαση Αποτελεσμάτων της Εργασίας, Το Κλείσιμο της Εργασίας, Η Προφορική Παρουσίαση, Βιβλιογραφία.
700 1 _aΖαφειρόπουλος Κώστας
942 _cBK
999 _c3108
_d3108